000 00417nam a2200157Ia 4500
008 230917s9999||||xx |||||||||||||| ||und||
040 _e99524
_aMAIN
041 _aEnglish
082 _a005.1 K786A
100 _aKnuth, Donald E
245 4 _aThe art of computer programming. V 1. fundamental algorithms
250 _a3rd ed.
260 _aDelhi
_bPearson Education
_c2002
300 _axix, 650 p.
942 _cBK
999 _c117358
_d117358